000170742 001__ 170742
000170742 005__ 20260429150230.0
000170742 037__ $$aTAZ-TFG-2025-4374
000170742 041__ $$aspa
000170742 1001_ $$aPérez Sanz, Patricia
000170742 24200 $$aFunctional Conversion of Religious Spaces: The Case of the Church of Santiago el Mayor in Montalbán
000170742 24500 $$aReconversión funcional de Espacios Religiosos: La iglesia de Santiago el Mayor en Montalbán
000170742 260__ $$aZaragoza$$bUniversidad de Zaragoza$$c2025
000170742 506__ $$aby-nc-sa$$bCreative Commons$$c3.0$$uhttp://creativecommons.org/licenses/by-nc-sa/3.0/
000170742 520__ $$aEn una época en la que predomina la sobreproducción de elementos arquitectónicos y la construcción de obra nueva, se vuelve necesario replantear el valor que tiene la rehabilitación de estructuras existentes, especialmente aquellas que han quedado en desuso. Frente a la lógica de lo nuevo, es fundamental mirar con otros ojos lo que ya forma parte de nuestro entorno construido, recuperarlo y darle una nueva vida. Este trabajo se centra en la propuesta de un caso concreto: la Iglesia de Santiago el Mayor, ubicada en la localidad de Montalbán (Teruel). Se trata de un edificio de gran valor patrimonial, el cual ha perdido gran parte de su funcionalidad original con el paso del tiempo. En el presente Trabajo de Fin de Grado se propone una forma de intervenir sobre el patrimonio que no se limite a conservar “por el simple hecho de hacerlo”, sino en la que también se contemple su reintegración activa en la vida contemporánea. Así rehabilitar es también imaginar futuros posibles para espacios que, aunque han quedado en silencio, aún tienen mucho que aportar.<br />
000170742 521__ $$aGraduado en Estudios en Arquitectura
000170742 540__ $$aDerechos regulados por licencia Creative Commons
000170742 691__ $$a3 10 11
000170742 692__ $$aEn el trabajo realizado se refleja estos tres objetivos de desarrollo sostenible, con la aportación y generación de empleo pudiendo así reducir las desigualdades en el mundo rural.
000170742 700__ $$aEspinosa Fernández, Almudena$$edir.
000170742 700__ $$aGómez García, Alejandro$$edir.
000170742 7102_ $$aUniversidad de Zaragoza$$bUnidad Predepartamental de Arquitectura$$cConstrucciones Arquitectónicas
000170742 8560_ $$f720164@unizar.es
000170742 8564_ $$s86365727$$uhttps://zaguan.unizar.es/record/170742/files/TAZ-TFG-2025-4374.pdf$$yMemoria (spa)
000170742 909CO $$ooai:zaguan.unizar.es:170742$$pdriver$$ptrabajos-fin-grado
000170742 950__ $$a
000170742 951__ $$adeposita:2026-04-29
000170742 980__ $$aTAZ$$bTFG$$cEINA
000170742 999__ $$a20250909213337.CREATION_DATE